[Event "CAN-op"]
[Site "Edmonton CAN"]
[Date "2005.07.10"]
[Round "3.71"]
[White "Baser, John"]
[Black "Chi, Megan"]
[Result "1/2-1/2"]
[WhiteElo "1815"]
[BlackElo "1502"]
[PlyCount "69"]
[GameId "2160767910901536"]
[EventDate "2005.07.09"]
[EventType "swiss"]
[EventRounds "10"]
[EventCountry "CAN"]

1. e4 c5 2. Nf3 d6 3. d4 cxd4 4. Nxd4 Nf6 5. Nc3 g6 6. Bc4 Bg7 7. Be3 Nc6 8. f3 Bd7 9. Qd2 Rc8 10. Bb3 O-O 11. O-O-O Ne5 12. g4 a6 13. h4 h5 14. gxh5 Nxh5 15. Bh6 Nc4 16. Qg5 Rc5 17. Nd5 e6 18. Bxc4 Qxg5+ 19. Bxg5 Rxc4 20. Ne7+ Kh7 21. Ne2 f6 22. Rxd6 fxg5 23. Rxd7 Rxf3 24. hxg5 Rxe4 25. Nc3 Rb4 26. a3 Rb6 27. Nc8 Rc6 28. Nd6 b5 29. Nde4 Kg8 30. Rd8+ Rf8 31. Rd7 Rf4 32. Rd8+ Rf8 33. Rd7 Rf4 34. Rd8+ Rf8 35. Rd7 1/2-1/2

[Event "CAN-op"]
[Site "Edmonton CAN"]
[Date "2005.07.10"]
[Round "3.72"]
[White "Blackwell, Ross"]
[Black "Sagert, David"]
[Result "1-0"]
[WhiteElo "1476"]
[BlackElo "1810"]
[PlyCount "51"]
[GameId "2160767910901537"]
[EventDate "2005.07.09"]
[EventType "swiss"]
[EventRounds "10"]
[EventCountry "CAN"]

1. d4 c6 2. c4 d5 3. cxd5 cxd5 4. Nc3 Nf6 5. Bf4 Nc6 6. e3 e6 7. a3 Be7 8. Bd3 a6 9. h3 b5 10. Nf3 Nd7 11. b4 Bb7 12. e4 Nb6 13. O-O O-O 14. e5 Rc8 15. Ne2 f6 16. exf6 Bxf6 17. Re1 Bxd4 18. Nfxd4 Nxd4 19. Bxh7+ Kxh7 20. Qxd4 Rc4 21. Qd3+ g6 22. Bg3 Nd7 23. Nd4 e5 24. Ne6 e4 25. Nxd8 exd3 26. Nxb7 1-0

[Event "CAN-op"]
[Site "Edmonton CAN"]
[Date "2005.07.10"]
[Round "3.74"]
[White "Thomas, Bruce"]
[Black "Culjaga, Marko"]
[Result "1-0"]
[WhiteElo "1795"]
[BlackElo "1435"]
[PlyCount "131"]
[GameId "2160767910901538"]
[EventDate "2005.07.09"]
[EventType "swiss"]
[EventRounds "10"]
[EventCountry "CAN"]

1. c4 e5 2. Nc3 Nf6 3. e4 Bc5 4. g3 d6 5. h3 Be6 6. d3 h6 7. Nge2 O-O 8. Bg2 c6 9. O-O d5 10. cxd5 cxd5 11. exd5 Nxd5 12. Kh2 Nc6 13. f4 exf4 14. Nxf4 Nxf4 15. Bxf4 Bd6 16. Bxc6 bxc6 17. Qf3 Rb8 18. b3 Bxf4 19. gxf4 Bf5 20. Rad1 Qf6 21. Ne4 Qd4 22. Rg1 Rfe8 23. Rge1 Be6 24. Qf2 Qxf2+ 25. Nxf2 Bd5 26. Kg3 Kf8 27. Ng4 f6 28. Ne3 Re6 29. Nxd5 Rxe1 30. Rxe1 cxd5 31. Rc1 Re8 32. Kf3 Kf7 33. a4 d4 34. Rc7+ Re7 35. Rxe7+ Kxe7 36. Ke4 g5 37. Kf5 Kd6 38. b4 Kd5 39. fxg5 fxg5 40. Kg4 Ke5 41. b5 Kd5 42. Kh5 Kc5 43. Kxh6 Kb4 44. a5 Kxa5 45. Kxg5 Kxb5 46. h4 a5 47. h5 a4 48. h6 a3 49. h7 a2 50. h8=Q a1=Q 51. Qb8+ Kc5 52. Qc7+ Kb4 53. Qc4+ Ka3 54. Qa6+ Kb2 55. Qxa1+ Kxa1 56. Kf4 Kb2 57. Ke5 Kc3 58. Ke4 Kb4 59. Kxd4 Kb5 60. Kd5 Kb6 61. Kd6 Kb7 62. Kd7 Kb6 63. d4 Kb7 64. d5 Kb8 65. d6 Kb7 66. Ke7 1-0

[Event "CAN-op"]
[Site "Edmonton CAN"]
[Date "2005.07.10"]
[Round "3.75"]
[White "Reichert, Wayne"]
[Black "Lawson, Jonathan"]
[Result "0-1"]
[WhiteElo "1275"]
[BlackElo "1782"]
[PlyCount "52"]
[GameId "2160767910901539"]
[EventDate "2005.07.09"]
[EventType "swiss"]
[EventRounds "10"]
[EventCountry "CAN"]

1. e4 e5 2. Nf3 Nc6 3. c3 Nf6 4. d3 Bc5 5. Bg5 h6 6. Bh4 d6 7. h3 Ne7 8. Nbd2 g5 9. Bg3 Ng6 10. Be2 Qe7 11. a4 a6 12. b4 Ba7 13. Bh2 Nf4 14. Bf1 N6h5 15. g3 Nxh3 16. Bxh3 Bxh3 17. Rg1 Bg4 18. Qe2 O-O 19. O-O-O f5 20. Qf1 fxe4 21. dxe4 Bxf3 22. Re1 Qe6 23. Qd3 g4 24. Rgf1 Qa2 25. Qc2 Qxc2+ 26. Kxc2 Bg2 0-1

[Event "CAN-op"]
[Site "Edmonton CAN"]
[Date "2005.07.10"]
[Round "3.76"]
[White "Escandor, Manuel Omana"]
[Black "Breel, Kevin"]
[Result "0-1"]
[WhiteElo "1787"]
[BlackElo "1544"]
[PlyCount "66"]
[GameId "2160767910901540"]
[EventDate "2005.07.09"]
[EventType "swiss"]
[EventRounds "10"]
[EventCountry "CAN"]

1. e4 c6 2. Nc3 d5 3. d4 dxe4 4. Nxe4 Bf5 5. Ng3 Bg6 6. Nf3 Nd7 7. Bd3 Bxd3 8. Qxd3 Qc7 9. O-O Ngf6 10. Re1 e6 11. h3 Be7 12. Ne4 O-O 13. Bg5 Rfe8 14. Bh4 Nxe4 15. Rxe4 Nf6 16. Re2 Nd5 17. Re4 Bxh4 18. Rxh4 h6 19. Ne5 c5 20. Re1 cxd4 21. Rxd4 Rad8 22. Qf3 Nf6 23. Rc4 Qa5 24. b4 Qxa2 25. Qxb7 Nd7 26. Rf4 Nxe5 27. Rxe5 Qa1+ 28. Kh2 Qxe5 29. g3 f5 30. Qxa7 Rd1 31. Qe3 Qxe3 32. fxe3 Rd2+ 33. Kg1 Rxc2 0-1

[Event "CAN-op"]
[Site "Edmonton CAN"]
[Date "2005.07.10"]
[Round "3.78"]
[White "Asquith, Tom"]
[Black "Steer, David"]
[Result "1/2-1/2"]
[WhiteElo "1789"]
[BlackElo "1532"]
[PlyCount "98"]
[GameId "2160767910901541"]
[EventDate "2005.07.09"]
[EventType "swiss"]
[EventRounds "10"]
[EventCountry "CAN"]

1. c4 Nf6 2. g3 g6 3. Bg2 c5 4. Nc3 Nc6 5. a3 Rb8 6. Rb1 Bg7 7. b4 cxb4 8. axb4 a6 9. Nf3 b5 10. cxb5 axb5 11. O-O O-O 12. d4 d5 13. Bf4 Rb7 14. Ne5 Nb8 15. Qb3 e6 16. Rfd1 Nfd7 17. Nf3 Nc6 18. e4 dxe4 19. Nxe4 Nb6 20. Nd6 Rd7 21. Nxb5 Nd5 22. Ne5 Nxe5 23. Bxe5 Qb6 24. Bxg7 Kxg7 25. Nc3 Bb7 26. Na4 Qb5 27. Nc5 Rdd8 28. Bh3 Rd6 29. Bf1 Qb6 30. b5 Rfd8 31. Bg2 Bc8 32. Na4 Qb8 33. Nc3 Nb6 34. Ne2 Bb7 35. f3 Bd5 36. Qb4 Bc4 37. Bf1 Qb7 38. Qc3 Rd5 39. Nf4 Bxf1 40. Kxf1 R5d6 41. Ke1 Rc8 42. Qe3 Rc2 43. Qe5+ Kg8 44. Qxd6 Qxf3 45. Qd8+ Kg7 46. Nxe6+ fxe6 47. Qe7+ Kh6 48. Qh4+ Kg7 49. Qe7+ Kh6 1/2-1/2

[Event "CAN-op"]
[Site "Edmonton CAN"]
[Date "2005.07.10"]
[Round "3.79"]
[White "Johnson, Dean"]
[Black "Long, Hugh"]
[Result "0-1"]
[WhiteElo "1588"]
[BlackElo "1780"]
[PlyCount "86"]
[GameId "2160767910901542"]
[EventDate "2005.07.09"]
[EventType "swiss"]
[EventRounds "10"]
[EventCountry "CAN"]

1. c4 e5 2. g3 Nf6 3. Bg2 Bc5 4. Nc3 a6 5. e3 Nc6 6. a3 d6 7. Nge2 Bg4 8. h3 Bh5 9. b4 Ba7 10. d3 O-O 11. g4 Bg6 12. Ng3 h6 13. O-O Rb8 14. Bb2 Ne7 15. d4 exd4 16. exd4 d5 17. c5 b6 18. Nge2 bxc5 19. dxc5 Bxc5 20. Na4 Ba7 21. Bxf6 gxf6 22. Nd4 Qd6 23. Rc1 f5 24. Re1 Bxd4 25. Qxd4 fxg4 26. hxg4 Rfe8 27. Re5 Kh7 28. Re3 f5 29. g5 f4 30. Rh3 h5 31. Qf6 Ng8 32. Qxd6 cxd6 33. Bxd5 Ne7 34. Rc7 Kh8 35. Nc3 Nxd5 36. Nxd5 Rb5 37. Nf6 Rxg5+ 38. Kh2 Rf8 39. Nd5 Be4 40. Nxf4 Rxf4 41. Rc1 Kg7 42. Rc7+ Kf6 43. Rg3 Rh4+ 0-1

[Event "CAN-op"]
[Site "Edmonton CAN"]
[Date "2005.07.10"]
[Round "3.80"]
[White "Jones, Avery"]
[Black "Purewal, Pal"]
[Result "0-1"]
[WhiteElo "1582"]
[BlackElo "1774"]
[PlyCount "92"]
[GameId "2160767910901543"]
[EventDate "2005.07.09"]
[EventType "swiss"]
[EventRounds "10"]
[EventCountry "CAN"]

1. d4 Nf6 2. Nf3 e6 3. Bg5 Be7 4. e3 h6 5. Bh4 b6 6. Bd3 Bb7 7. O-O d6 8. Nbd2 a6 9. e4 Nbd7 10. a3 c5 11. c3 Nf8 12. Qe2 Ng6 13. Bg3 Nh5 14. e5 Ngf4 15. Bxf4 Nxf4 16. Qe3 Nxd3 17. Qxd3 dxe5 18. Nxe5 cxd4 19. cxd4 Qd5 20. Ndf3 O-O 21. Rac1 Rfc8 22. Rfd1 b5 23. b4 Bd6 24. h3 Rxc1 25. Rxc1 Bxe5 26. Rc5 Qe4 27. Qxe4 Bxe4 28. dxe5 Rd8 29. Rc3 Rd5 30. Re3 Bxf3 31. gxf3 Kh7 32. Kg2 Kg6 33. Kg3 Kf5 34. f4 Rd4 35. Rf3 g6 36. h4 h5 37. Re3 Rxf4 38. f3 Rc4 39. Rd3 Rc7 40. f4 Ke4 41. Rb3 Kd4 42. Kf3 Rc3+ 43. Rxc3 Kxc3 44. Ke4 Kb3 45. Kd3 Kxa3 46. Kc3 Ka4 0-1

[Event "CAN-op"]
[Site "Edmonton CAN"]
[Date "2005.07.10"]
[Round "3.81"]
[White "Gillanders, Robert"]
[Black "McCusky, Louis"]
[Result "1-0"]
[WhiteElo "1765"]
[BlackElo "1524"]
[PlyCount "151"]
[GameId "2160767910901544"]
[EventDate "2005.07.09"]
[EventType "swiss"]
[EventRounds "10"]
[EventCountry "CAN"]

1. d4 Nf6 2. c4 e6 3. Nc3 Bb4 4. e3 d5 5. Nf3 O-O 6. Bd3 dxc4 7. Bxc4 Nbd7 8. O-O b6 9. a3 Bxc3 10. bxc3 Bb7 11. Bd3 Rc8 12. Qe2 c5 13. Bb2 cxd4 14. cxd4 Be4 15. Rac1 Qe7 16. Ba6 Rxc1 17. Rxc1 Nb8 18. Bd3 Qb7 19. Bxe4 Nxe4 20. Nd2 Nf6 21. f3 Nc6 22. Kf2 b5 23. Nb3 Rd8 24. Rc5 a6 25. Qc2 Na7 26. Rc7 Qb6 27. Qc5 Qxc5 28. Nxc5 Nc8 29. Nxa6 Nd6 30. Rc2 g5 31. Nc5 Ra8 32. Bc1 Nc4 33. Rc3 Kg7 34. e4 Kg6 35. Nd3 Nd7 36. g4 f5 37. gxf5+ exf5 38. e5 Ndb6 39. Nb4 Rd8 40. Nc6 Re8 41. Rb3 Re6 42. Na7 b4 43. Rxb4 f4 44. Nb5 Nxe5 45. dxe5 Rxe5 46. Nc3 Nd7 47. Rd4 Nc5 48. Ne4 h5 49. a4 Nxe4+ 50. Rxe4 Rc5 51. Bb2 Rc2+ 52. Re2 Rc4 53. a5 Ra4 54. Bc3 Rc4 55. Bd2 Kf5 56. Re4 Rc2 57. Ke1 Ra2 58. Rc4 Ra1+ 59. Ke2 Ra2 60. Rc5+ Kf6 61. Kd3 Ra3+ 62. Bc3+ Kg6 63. Kc4 g4 64. fxg4 hxg4 65. Kb4 Ra2 66. Rc6+ Kf5 67. Rf6+ Ke4 68. a6 f3 69. Kb3 Rxh2 70. a7 Rh1 71. a8=Q+ Kd3 72. Qd5+ Ke2 73. Qd2+ Kf1 74. Qd3+ Kg2 75. Qc2+ Kh3 76. Rh6+ 1-0

[Event "CAN-op"]
[Site "Edmonton CAN"]
[Date "2005.07.10"]
[Round "3.82"]
[White "Davidson, Brian"]
[Black "Lyall, David"]
[Result "1-0"]
[WhiteElo "1758"]
[BlackElo "1477"]
[PlyCount "31"]
[GameId "2160767910901545"]
[EventDate "2005.07.09"]
[EventType "swiss"]
[EventRounds "10"]
[EventCountry "CAN"]

1. d4 d6 2. Nf3 Nf6 3. Nc3 g6 4. e4 Bg7 5. Bc4 O-O 6. O-O Nbd7 7. Re1 c5 8. dxc5 Nxc5 9. h3 Be6 10. Bxe6 Nxe6 11. Be3 Nxe4 12. Nxe4 Bxb2 13. Rb1 f5 14. Neg5 Nxg5 15. Nxg5 Bc3 16. Qd5+ 1-0

[Event "CAN-op"]
[Site "Edmonton CAN"]
[Date "2005.07.10"]
[Round "3.84"]
[White "Panteluk, Steven"]
[Black "Cheetham, Roarke"]
[Result "1-0"]
[WhiteElo "1773"]
[BlackElo "1044"]
[PlyCount "92"]
[GameId "2160767910901546"]
[EventDate "2005.07.09"]
[EventType "swiss"]
[EventRounds "10"]
[EventCountry "CAN"]

1. d4 d5 2. Nf3 Nf6 3. g3 g6 4. Bg2 Bg7 5. O-O O-O 6. Re1 Re8 7. Bf4 b6 8. Nbd2 Nbd7 9. e4 dxe4 10. Nxe4 Nxe4 11. Rxe4 Bb7 12. Re2 c5 13. Rd2 c4 14. c3 Nf6 15. Qa4 Qc8 16. Re1 Bd5 17. Rde2 e6 18. Qc2 Qb7 19. Nh4 Nh5 20. Bxd5 Qxd5 21. Ng2 Nxf4 22. Nxf4 Qa5 23. a3 Re7 24. d5 e5 25. Qe4 Rae8 26. Qxc4 Bf6 27. d6 Rd7 28. Qc6 Red8 29. Nd5 Bg7 30. Rd2 Kh8 31. Nb4 Qc5 32. Red1 a5 33. Qxc5 bxc5 34. Nc6 Rc8 35. Nxa5 Ra8 36. Nc4 Ra6 37. Rd5 Bf8 38. Nxe5 Rb7 39. d7 Be7 40. Nxf7+ Kg7 41. d8=Q Bxd8 42. Nxd8 Rxb2 43. Rxc5 Rxa3 44. Rc7+ Kh6 45. h4 Raa2 46. Nf7+ Kg7 1-0

[Event "CAN-op"]
[Site "Edmonton CAN"]
[Date "2005.07.10"]
[Round "3.85"]
[White "Laming, Ryan"]
[Black "Mrugala, Jonathan"]
[Result "1-0"]
[WhiteElo "1756"]
[BlackElo "1367"]
[PlyCount "101"]
[GameId "2160767910901547"]
[EventDate "2005.07.09"]
[EventType "swiss"]
[EventRounds "10"]
[EventCountry "CAN"]

1. d4 c6 2. c4 d5 3. Nc3 Nf6 4. Nf3 Bg4 5. Bg5 e6 6. e3 Be7 7. Rc1 h6 8. Bh4 Nbd7 9. h3 Bxf3 10. Qxf3 Bb4 11. cxd5 cxd5 12. a3 Bxc3+ 13. Rxc3 Rc8 14. Rxc8 Qxc8 15. Qd1 Qc7 16. Bd3 Qa5+ 17. Qd2 Qxd2+ 18. Kxd2 O-O 19. Rc1 g5 20. Bg3 b6 21. Rc7 a5 22. f3 Kg7 23. Bb5 Rd8 24. Rb7 h5 25. Bc7 Rc8 26. Bxb6 Nxb6 27. Rxb6 Ng8 28. Ra6 Rb8 29. Rxa5 Kf6 30. b4 Ne7 31. Bd3 Nc6 32. Rc5 Nxb4 33. Rb5 Rxb5 34. Bxb5 Ke7 35. axb4 Kd6 36. Be8 f6 37. Bxh5 Kc6 38. Bf7 Kd6 39. b5 Ke7 40. b6 Kxf7 41. b7 Kg6 42. b8=Q Kg7 43. Qe8 Kh7 44. Qf7+ Kh8 45. Qxf6+ Kh7 46. Qxg5 e5 47. h4 exd4 48. h5 dxe3+ 49. Kxe3 Kh8 50. h6 Kh7 51. Qg7# 1-0

[Event "CAN-op"]
[Site "Edmonton CAN"]
[Date "2005.07.10"]
[Round "3.87"]
[White "Tuason, Alfred"]
[Black "Day, Jonathan"]
[Result "0-1"]
[WhiteElo "1356"]
[BlackElo "1741"]
[PlyCount "143"]
[GameId "2160767910901548"]
[EventDate "2005.07.09"]
[EventType "swiss"]
[EventRounds "10"]
[EventCountry "CAN"]

1. e4 e6 2. Nf3 d5 3. exd5 exd5 4. d4 Be7 5. h3 Be6 6. Nc3 Nd7 7. Bd3 c6 8. O-O h6 9. Bd2 Qc7 10. Qc1 Bd6 11. Re1 O-O-O 12. a3 Ngf6 13. b4 g5 14. Bxg5 Rdg8 15. Rxe6 fxe6 16. Bxf6 Nxf6 17. Qe1 Re8 18. Ne5 Bxe5 19. Qxe5 Nd7 20. Qxc7+ Kxc7 21. b5 e5 22. bxc6 bxc6 23. dxe5 Rxe5 24. Ne2 Rhe8 25. Ng3 Re1+ 26. Rxe1 Rxe1+ 27. Kh2 Ra1 28. Nf5 Ne5 29. Nxh6 Nxd3 30. cxd3 Rd1 31. g4 Kd7 32. Kg3 Rxd3+ 33. Kh4 Rf3 34. g5 Ke7 35. Ng4 c5 36. g6 Rf4 37. Kg5 Rf8 38. g7 Rg8 39. Kh6 c4 40. Ne3 Kf7 41. Nxd5 Rxg7 42. h4 Kg8 43. f4 Rc7 44. Nc3 Rc5 45. Kg6 Rc6+ 46. Kf5 Kg7 47. Ke5 Rh6 48. Kd4 Rxh4 49. Nd5 Kg6 50. Kxc4 Kf5 51. a4 Ke6 52. Kd4 Kd6 53. Kc4 Kc6 54. a5 Rg4 55. Ne7+ Kb7 56. Nd5 Ka6 57. Kb4 Rg7 58. Ka4 Rd7 59. Nb4+ Kb7 60. a6+ Kb6 61. f5 Rd1 62. f6 Rf1 63. Kb3 Kb5 64. Nd5 Rf3+ 65. Kc2 Kxa6 66. Kd2 Rf5 67. Nc7+ Kb6 68. Ne8 Kc6 69. Kd3 Kd7 70. Ke4 Rf1 71. Ke5 Re1+ 72. Kf5 0-1

[Event "CAN-op"]
[Site "Edmonton CAN"]
[Date "2005.07.10"]
[Round "3.88"]
[White "Robertson, Trevor"]
[Black "Booth, Kevin"]
[Result "1-0"]
[WhiteElo "1597"]
[BlackElo "1347"]
[PlyCount "131"]
[GameId "2160767910901549"]
[EventDate "2005.07.09"]
[EventType "swiss"]
[EventRounds "10"]
[EventCountry "CAN"]

1. d4 Nf6 2. c4 e6 3. Nc3 Bb4 4. Nf3 c5 5. Qc2 cxd4 6. Nxd4 Nc6 7. Nxc6 bxc6 8. e3 O-O 9. Bd3 d5 10. Bd2 Ba6 11. cxd5 Bxd3 12. Qxd3 cxd5 13. O-O Re8 14. a3 Ba5 15. b4 Bb6 16. Ne2 Rc8 17. Rac1 Bc7 18. Bc3 Qd6 19. f4 Ne4 20. Be5 Qd7 21. Bxc7 Rxc7 22. Rxc7 Qxc7 23. Rc1 Qb6 24. Ng3 Nxg3 25. hxg3 g6 26. g4 e5 27. f5 e4 28. Qd4 Qxd4 29. exd4 e3 30. Kf1 Re4 31. fxg6 hxg6 32. Rc8+ Kg7 33. Ke2 Rxd4 34. Kxe3 Rxg4 35. Rc7 Rxg2 36. Rxa7 Kf6 37. Kd4 Ke6 38. Ra6+ Kd7 39. Kxd5 Re2 40. Ra7+ Kc8 41. Rxf7 Ra2 42. Kc6 Kb8 43. Rf6 Kc8 44. Rf3 g5 45. Rg3 g4 46. Kb5 Rd2 47. Rxg4 Rd7 48. Rc4+ Kb7 49. a4 Rd5+ 50. Rc5 Rd6 51. a5 Re6 52. Ka4 Ka6 53. b5+ Kb7 54. Kb4 Re4+ 55. Rc4 Re5 56. a6+ Kb6 57. Rc6+ Ka7 58. Ka5 Rd5 59. Rc7+ Kb8 60. a7+ Ka8 61. Ka4 Rxb5 62. Rc8+ Kxa7 63. Kxb5 Kb7 64. Rc2 Ka7 65. Kc6 Kb8 66. Kb6 1-0

[Event "CAN-op"]
[Site "Edmonton CAN"]
[Date "2005.07.10"]
[Round "3.89"]
[White "White, Chris"]
[Black "Lawson, Bianca"]
[Result "1/2-1/2"]
[WhiteElo "1597"]
[BlackElo "1327"]
[PlyCount "116"]
[GameId "2160767910901550"]
[EventDate "2005.07.09"]
[EventType "swiss"]
[EventRounds "10"]
[EventCountry "CAN"]

1. d4 d5 2. c4 c6 3. Nc3 Nf6 4. e3 Bf5 5. Be2 e6 6. Nf3 Be7 7. b3 Nbd7 8. Bb2 Qc7 9. Rc1 c5 10. cxd5 exd5 11. dxc5 Qxc5 12. O-O Be6 13. Nb5 Qb4 14. Nc7+ Kd8 15. Nxa8 Bd6 16. Nd4 Nb8 17. Bc3 Qa3 18. Nxe6+ fxe6 19. Bg4 Re8 20. Qc2 Nxg4 21. Bxg7 Nc6 22. h3 Nge5 23. Qxh7 Ne7 24. Rc2 Kd7 25. f4 N5c6 26. f5 exf5 27. Rxf5 Nb4 28. Re2 Rxa8 29. Rf7 Qc1+ 30. Kf2 Re8 31. Bd4 b6 32. a3 Qxa3 33. Qb1 Qa6 34. Rd2 Kd8 35. e4 Qb5 36. exd5 Nbxd5 37. Bf6 Qc5+ 38. Bd4 Qc7 39. Bf6 Bg3+ 40. Kg1 Qc5+ 41. Kh1 Bd6 42. Bg5 Rg8 43. h4 Ke8 44. Qf1 Qa3 45. Bxe7 Nxe7 46. Rdf2 Qxb3 47. Qa6 Qg3 48. Rxe7+ Bxe7 49. Qb5+ Kd8 50. Qd5+ Bd6 51. Qa8+ Kc7 52. Rf7+ Be7 53. Rxe7+ Kd6 54. Qe4 Qxg2+ 55. Qxg2 Rxg2 56. Rxa7 Rb2 57. h5 Rb5 58. Rh7 Ke6 1/2-1/2

[Event "CAN-op"]
[Site "Edmonton CAN"]
[Date "2005.07.10"]
[Round "3.90"]
[White "Raymer, Elliot"]
[Black "Longson, Stan"]
[Result "1-0"]
[WhiteElo "1574"]
[BlackElo "1322"]
[PlyCount "31"]
[GameId "2160767910901551"]
[EventDate "2005.07.09"]
[EventType "swiss"]
[EventRounds "10"]
[EventCountry "CAN"]

1. e4 e5 2. Nf3 d6 3. Bc4 Be7 4. d3 Nf6 5. h3 a6 6. a3 b5 7. Ba2 Nbd7 8. Nc3 c5 9. Nd5 Bb7 10. Nxe7 Qxe7 11. Nh4 Nxe4 12. Nf5 Qf6 13. dxe4 Bxe4 14. Nxd6+ Ke7 15. Nxe4 Qc6 16. Bd5 1-0

[Event "CAN-op"]
[Site "Edmonton CAN"]
[Date "2005.07.10"]
[Round "3.91"]
[White "Thomas, Derek"]
[Black "Harrop, Breagan"]
[Result "0-1"]
[WhiteElo "1300"]
[BlackElo "1568"]
[PlyCount "80"]
[GameId "2160767910901552"]
[EventDate "2005.07.09"]
[EventType "swiss"]
[EventRounds "10"]
[EventCountry "CAN"]

1. c4 f5 2. Nc3 Nf6 3. d3 e6 4. Nf3 Bb4 5. g3 b6 6. Bg2 Bb7 7. O-O Bxc3 8. bxc3 O-O 9. Nh4 Bxg2 10. Nxg2 d6 11. d4 Nbd7 12. f4 Qe8 13. e3 Ne4 14. Qd3 Qh5 15. Nh4 Ndf6 16. Nf3 Ng4 17. Nh4 Rf6 18. d5 Rg6 19. Rf3 Qxh4 20. gxh4 Ne5+ 21. Kf1 Nxd3 22. Ke2 Nxc1+ 23. Rxc1 Rg2+ 24. Kf1 Rxa2 25. Kg1 exd5 26. cxd5 a5 27. c4 a4 28. Rff1 Nc5 29. Ra1 Rxa1 30. Rxa1 Nb3 31. Ra3 Nc5 32. Kf2 Ne4+ 33. Ke2 Kf7 34. Kd3 Kg6 35. Ke2 Kh5 36. Kf3 Nd2+ 37. Kg3 Nxc4 38. Ra2 g6 39. Kf3 a3 40. Kg3 Re8 0-1

[Event "CAN-op"]
[Site "Edmonton CAN"]
[Date "2005.07.10"]
[Round "3.92"]
[White "Meller, Marvin"]
[Black "Dean, Earl"]
[Result "1-0"]
[WhiteElo "1561"]
[BlackElo "1296"]
[PlyCount "95"]
[GameId "2160767910901553"]
[EventDate "2005.07.09"]
[EventType "swiss"]
[EventRounds "10"]
[EventCountry "CAN"]

1. d4 d5 2. c4 dxc4 3. e4 Nc6 4. d5 Ne5 5. Bf4 f6 6. Bxe5 fxe5 7. Qh5+ g6 8. Qxe5 Nf6 9. Bxc4 Bg7 10. Qg3 Nxe4 11. Qb3 Nd6 12. Nc3 Bf5 13. Nge2 O-O 14. O-O a6 15. Rfe1 Rb8 16. Nf4 Qd7 17. a4 Rfe8 18. Rad1 Kh8 19. Bd3 e5 20. Bxf5 Nxf5 21. Ne6 Qd6 22. Ne4 Qb6 23. Qc3 c6 24. Nxg7 Kxg7 25. d6 Rbd8 26. b4 Nd4 27. Qc4 Rf8 28. Ng5 Rf5 29. h4 Rxd6 30. Rd2 Rdf6 31. Ne4 Rf8 32. Nd6 Nf3+ 33. gxf3 Rxf3 34. Ne4 R8f4 35. Qc5 Qc7 36. Kg2 Qc8 37. Qxe5+ Kg8 38. Ng3 Rf8 39. Qg5 R8f7 40. h5 Qf8 41. Ne4 R7f5 42. Qg4 R5f4 43. Qe6+ Qf7 44. Qxf7+ Rxf7 45. Ng5 R3f4 46. Nxf7 Rg4+ 47. Kf3 gxh5 48. Nh6+ 1-0

[Event "CAN-op"]
[Site "Edmonton CAN"]
[Date "2005.07.10"]
[Round "3.93"]
[White "Roberts, Richard"]
[Black "Wang, Hao"]
[Result "0-1"]
[WhiteElo "1533"]
[BlackElo "1271"]
[PlyCount "30"]
[GameId "2160767910901554"]
[EventDate "2005.07.09"]
[EventType "swiss"]
[EventRounds "10"]
[EventCountry "CAN"]

1. d4 Nf6 2. c4 c5 3. Nf3 cxd4 4. Nxd4 e5 5. Nb3 Nc6 6. a3 b6 7. Nc3 Bc5 8. Bg5 h6 9. Bxf6 Qxf6 10. Nxc5 bxc5 11. Nb5 O-O 12. Nc7 Rb8 13. Nd5 Qf5 14. e3 Rxb2 15. Bd3 Qxf2# 0-1

[Event "CAN-op"]
[Site "Edmonton CAN"]
[Date "2005.07.10"]
[Round "3.94"]
[White "Greber, Carter"]
[Black "Geley, Shawn"]
[Result "0-1"]
[WhiteElo "1265"]
[BlackElo "1522"]
[PlyCount "46"]
[GameId "2160767910901555"]
[EventDate "2005.07.09"]
[EventType "swiss"]
[EventRounds "10"]
[EventCountry "CAN"]

1. e4 e5 2. Nf3 Nc6 3. Bb5 a6 4. Bxc6 dxc6 5. Nc3 Bd6 6. O-O Bg4 7. Re1 Nf6 8. d3 Qd7 9. h3 Bh5 10. Bg5 Qe6 11. Re3 O-O-O 12. d4 exd4 13. Nxd4 Bh2+ 14. Kxh2 Qe5+ 15. f4 Qxd4 16. Bxf6 Qxe3 17. Bxd8 Bxd1 18. Nxd1 Qxf4+ 19. g3 Qd2+ 20. Kh1 Rxd8 21. Nc3 Qxc2 22. Rb1 Rd2 23. Rg1 Rh2# 0-1

[Event "CAN-op"]
[Site "Edmonton CAN"]
[Date "2005.07.10"]
[Round "3.95"]
[White "Achtemichuk, Chris"]
[Black "Ross, Malcolm"]
[Result "1-0"]
[WhiteElo "1514"]
[BlackElo "1251"]
[PlyCount "159"]
[GameId "2160767910901556"]
[EventDate "2005.07.09"]
[EventType "swiss"]
[EventRounds "10"]
[EventCountry "CAN"]

1. e4 e5 2. Nf3 Nc6 3. Bc4 Nf6 4. Ng5 d5 5. exd5 Nxd5 6. Nxf7 Kxf7 7. Qf3+ Qf6 8. Bxd5+ Be6 9. Bxc6 bxc6 10. Qxc6 Bd6 11. Nc3 Qd8 12. d3 Rf8 13. O-O Kg8 14. Ne4 Bd7 15. Qd5+ Kh8 16. Bd2 Rb8 17. Bc3 Qe7 18. Ng3 Rb6 19. a3 Rb5 20. Qa2 Bc6 21. Rae1 Qh4 22. Qc4 Qxc4 23. dxc4 Rc5 24. b3 a5 25. Ne4 Bxe4 26. Rxe4 Rf4 27. Rfe1 Rxe4 28. Rxe4 Kg8 29. b4 axb4 30. axb4 Rc6 31. c5 Bxc5 32. bxc5 Rxc5 33. Re2 Rxc3 34. Kf1 Kf7 35. Ke1 Kf6 36. Kd2 Rc4 37. c3 e4 38. Kc2 Ke5 39. Kb3 Rc6 40. f3 Rb6+ 41. Kc2 Ra6 42. Rxe4+ Kf5 43. g4+ Kf6 44. h4 Re6 45. Kd3 Rd6+ 46. Kc4 Rd2 47. Kc5 Rd3 48. Rf4+ Ke5 49. Rf5+ Ke6 50. c4 g6 51. Rf8 Rd7 52. Kc6 Rd4 53. Re8+ Kf7 54. Re4 Rd3 55. Rf4+ Ke6 56. Kxc7 Ke5 57. Re4+ Kf6 58. Rf4+ Ke5 59. Rf7 Rc3 60. Re7+ Kd4 61. Kd6 Rxf3 62. c5 Rf6+ 63. Re6 Rxe6+ 64. Kxe6 Kxc5 65. Ke5 Kc6 66. Kf6 Kd6 67. Kf7 Ke5 68. Kg7 g5 69. h5 Kf4 70. Kxh7 Kxg4 71. Kg6 Kf4 72. h6 g4 73. h7 g3 74. h8=Q g2 75. Qd4+ Kg3 76. Qg1 Kh3 77. Kf5 Kg3 78. Kg5 Kf3 79. Kh4 Kf4 80. Qxg2 1-0

[Event "CAN-op"]
[Site "Edmonton CAN"]
[Date "2005.07.10"]
[Round "3.101"]
[White "Palcic, Branko"]
[Black "Meller, Jeremy"]
[Result "1-0"]
[WhiteElo "1433"]
[BlackElo "1143"]
[PlyCount "55"]
[GameId "2160767910901559"]
[EventDate "2005.07.09"]
[EventType "swiss"]
[EventRounds "10"]
[EventCountry "CAN"]

1. e4 e5 2. Nc3 Nf6 3. Nf3 c6 4. Nxe5 d5 5. exd5 Nxd5 6. Nxd5 Qxd5 7. Nf3 Bc5 8. d4 Bd6 9. c4 Qh5 10. Be2 Qg6 11. c5 Bxc5 12. dxc5 O-O 13. Be3 Bf5 14. Nh4 Qf6 15. Nxf5 Qxf5 16. Qb3 Nd7 17. Rc1 Ne5 18. O-O Rfd8 19. Rfd1 Rd7 20. Rxd7 Nxd7 21. Qxb7 Rb8 22. Qxc6 h6 23. b3 Ne5 24. Qd5 a5 25. Bd4 Re8 26. Bxe5 Rxe5 27. Qd8+ Kh7 28. Bd3 1-0

[Event "CAN-op"]
[Site "Edmonton CAN"]
[Date "2005.07.10"]
[Round "3.102"]
[White "Dewindt, Cor"]
[Black "Milner, Din"]
[Result "1-0"]
[WhiteElo "1414"]
[BlackElo "1132"]
[PlyCount "55"]
[GameId "2160767910901560"]
[EventDate "2005.07.09"]
[EventType "swiss"]
[EventRounds "10"]
[EventCountry "CAN"]

1. b4 d5 2. Bb2 c5 3. bxc5 Nc6 4. d4 b6 5. Nf3 bxc5 6. e3 Nf6 7. Nc3 cxd4 8. Nxd4 Qb6 9. Rb1 Ne4 10. Nxc6 Nxc3 11. Bxc3 Qc7 12. Bb5 Bd7 13. Qxd5 e6 14. Qf3 Rc8 15. Ba5 Qb7 16. Nd4 Qxf3 17. Bxd7+ Kxd7 18. Nxf3 Rxc2 19. O-O Bd6 20. Rb7+ Kc8 21. Rxa7 Rxa2 22. Ra8+ Bb8 23. Rb1 Rxa5 24. Rxa5 Rd8 25. g3 Bc7 26. Ra8+ Kd7 27. Rxd8+ Bxd8 28. Rb7+ 1-0